Phong cách học và đặc điểm tu từ tiếng Việt

保存先:
書誌詳細
第一著者: Cù Đình Tú
フォーマット: 図書
言語:Undetermined
出版事項: Hà Nội ĐH và THCN 1983
主題:
タグ: タグ追加
タグなし, このレコードへの初めてのタグを付けませんか!
Thư viện lưu trữ: Trung tâm Học liệu Trường Đại học Cần Thơ
LEADER 00586nam a2200193Ia 4500
001 CTU_577
008 210402s9999 xx 000 0 und d
082 |a 495.922 
082 |b T500 
100 |a Cù Đình Tú 
245 0 |a Phong cách học và đặc điểm tu từ tiếng Việt 
245 0 |c Cù Đình Tú 
260 |a Hà Nội 
260 |b ĐH và THCN 
260 |c 1983 
526 |a Phong cách học tiếng Việt 
526 |b SP533 
650 |a vietnamese language - rhetoric 
980 |a Trung tâm Học liệu Trường Đại học Cần Thơ